| 000 | 00393nam a2200145Ia 4500 | ||
|---|---|---|---|
| 008 | 220204s9999 xx 000 0 und d | ||
| 082 |
_a633.875:016 _bWEI |
||
| 100 | _aWeinland, G | ||
| 245 | 0 | _aAnnotated bibliography on Acacia Mangium Willd | |
| 250 | _aEd.2 | ||
| 260 |
_aKuala Lumpur _bFRIM _c1992 |
||
| 490 | _aResearch Pamphlet No. 102 | ||
| 700 | _aYahya, Ahmad Zuhaidi | ||
| 942 | _cBK | ||
| 999 |
_c43659 _d43659 |
||